000 00460nam a2200169 i 4500
001 134886
003 ES-MaACL
005 20230906194750.0
007 t|
008 070702s1968 sp ||||1| spa d
100 1 _aThorwald, Jürgen.
_9110160
245 1 3 _aEl alba de la medicina /
_cJürgen Thorwald.
250 _a[1ª ed.].
260 _aBarcelona :
_bBruguera,
_c[1968]
300 _a333 p. :
_bil. ;
_c24 cm.
852 _aES-MaACL
_jC-37825
_bR.70919
999 _c134886
_d134886